[Event "Florianopolis op 3rd"]
[Site "Florianopolis"]
[Date "2017.01.25"]
[Round "8"]
[White "De Souza Monteiro, Marcos Paulo"]
[Black "Villasanti, Sebastian"]
[Result "1-0"]
[WhiteElo "2021"]
[BlackElo "1698"]
[PlyCount "47"]
[EventDate "2017.01.20"]
[EventType "swiss"]
[EventRounds "10"]
[EventCountry "BRA"]
[SourceTitle "EXT 2018"]
[Source "ChessBase"]
[SourceDate "2017.10.13"]
[SourceVersion "1"]
[SourceVersionDate "2017.10.13"]
[SourceQuality "1"]

1. d4 Nf6 2. c4 g6 3. Nc3 d5 4. cxd5 Nxd5 5. e4 Nxc3 6. bxc3 Bg7 7. Nf3 c5 8. Rb1 Nc6 9. d5 Bxc3+ 10. Bd2 Bxd2+ 11. Qxd2 Na5 12. Bb5+ Kf8 13. Qh6+ Kg8 14. 0-0 Qf8 15. Qd2 b6 16. Ne5 Bb7 17. f4 Rd8 18. f5 Qg7 19. f6 exf6 20. Nd7 f5 21. Qg5 Rc8 22. e5 h6 23. Qe7 h5 24. Nf6+ 1-0

[Event "Florianopolis op 3rd"]
[Site "Florianopolis"]
[Date "2017.01.23"]
[Round "5"]
[White "Villasanti, Sebastian"]
[Black "Baeta, Marcio Netto"]
[Result "1/2-1/2"]
[WhiteElo "1698"]
[BlackElo "2047"]
[PlyCount "74"]
[EventDate "2017.01.20"]
[EventType "swiss"]
[EventRounds "10"]
[EventCountry "BRA"]
[SourceTitle "CBM 176 Extra"]
[Source "ChessBase"]
[SourceDate "2017.03.02"]
[SourceVersion "1"]
[SourceVersionDate "2017.03.02"]
[SourceQuality "1"]

1. d4 d5 2. Bg5 c5 3. c3 Qb6 4. Qb3 Nc6 5. e3 Nf6 6. Bxf6 gxf6 7. Nd2 e6 8. Ne2 c4 9. Qc2 e5 10. g3 Bg4 11. Bg2 e4 12. Nf4 Be6 13. Nxc4 Nxd4 14. exd4 dxc4 15. Bxe4 Bh6 16. Nxe6 Qxe6 17. 0-0 Qd7 18. Rfe1 Kf8 19. Bf5 Qd5 20. Re2 Bg5 21. Rae1 h5 22. f4 Bxf4 23. Qe4 Qxe4 24. Rxe4 Bd6 25. Bd7 Kg7 26. Re8 Raxe8 27. Rxe8 Rxe8 28. Bxe8 f5 29. Bb5 f4 30. Kg2 fxg3 31. hxg3 f5 32. Bxc4 f4 33. gxf4 Bxf4 34. Be2 Bc1 35. b3 Bb2 36. c4 Bxd4 37. Bxh5 Kf6 1/2-1/2

[Event "Florianopolis op 3rd"]
[Site "Florianopolis"]
[Date "2017.01.21"]
[Round "3"]
[White "Villasanti, Sebastian"]
[Black "Sarda, Pedro Sada"]
[Result "1/2-1/2"]
[WhiteElo "1698"]
[BlackElo "1386"]
[PlyCount "94"]
[EventDate "2017.01.20"]
[EventType "swiss"]
[EventRounds "10"]
[EventCountry "BRA"]
[SourceTitle "EXT 2018"]
[Source "ChessBase"]
[SourceDate "2017.10.13"]
[SourceVersion "1"]
[SourceVersionDate "2017.10.13"]
[SourceQuality "1"]

1. d4 Nf6 2. Bg5 d6 3. Bxf6 gxf6 4. g3 Bf5 5. Bg2 d5 6. e3 Nc6 7. a3 e6 8. Nd2 e5 9. Ne2 h5 10. h4 Qd7 11. c4 exd4 12. cxd5 dxe3 13. dxc6 exd2+ 14. Qxd2 Qxd2+ 15. Kxd2 0-0-0+ 16. Kc3 bxc6 17. Nd4 Bd7 18. Nxc6 Bxc6 19. Bxc6 Bg7 20. Rad1 f5+ 21. Kc2 Be5 22. Rxd8+ Rxd8 23. Bf3 Rd4 24. Bxh5 Rc4+ 25. Kb1 Rc6 26. Bxf7 Rh6 27. b3 a5 28. a4 Bd4 29. f3 Bf2 30. g4 Rf6 31. Bc4 fxg4 32. fxg4 Rf4 33. h5 Re4 34. h6 Re1+ 35. Rxe1 Bxe1 36. h7 Bc3 37. Kc2 Bh8 38. Kd3 Kd7 39. Ke4 Ke7 40. Kf5 Kf8 41. Ke6 Kg7 42. Bd3 Kh6 43. Kd7 c5 44. Kc6 Kg5 45. Bf5 Kh6 46. Kxc5 Bc3 47. b4 Bxb4+ 1/2-1/2

[Event "Florianopolis op 3rd"]
[Site "Florianopolis"]
[Date "2017.01.20"]
[Round "1"]
[White "Villasanti, Sebastian"]
[Black "De Freitas, Isabella Ribeiro Co"]
[Result "0-1"]
[WhiteElo "1698"]
[BlackElo "1419"]
[PlyCount "96"]
[EventDate "2017.01.20"]
[EventType "swiss"]
[EventRounds "10"]
[EventCountry "BRA"]
[SourceTitle "CBM 176 Extra"]
[Source "ChessBase"]
[SourceDate "2017.03.02"]
[SourceVersion "1"]
[SourceVersionDate "2017.03.02"]
[SourceQuality "1"]

1. d4 d5 2. Bg5 Nf6 3. Bxf6 exf6 4. e3 Bf5 5. g3 Nc6 6. Bg2 Nb4 7. Na3 c6 8. Ne2 Bd6 9. 0-0 0-0 10. h3 Qe7 11. Qd2 Be4 12. Bxe4 Qxe4 13. c3 Na6 14. Nc2 Nc7 15. Ne1 Ne6 16. Qd3 f5 17. Qxe4 fxe4 18. h4 Rfe8 19. Ng2 Nf8 20. Rfc1 Nd7 21. c4 Rac8 22. c5 Bc7 23. b4 b6 24. Nc3 Nb8 25. Rc2 b5 26. a4 a6 27. axb5 axb5 28. Rca2 Nd7 29. Ra7 Nf6 30. R7a6 Bd8 31. Nf4 h6 32. Ra8 Rxa8 33. Rxa8 Bc7 34. Rxe8+ Nxe8 35. Nfxd5 cxd5 36. Nxd5 Bd8 37. Nc3 Nc7 38. Nxe4 Nd5 39. Nd6 Nxb4 40. Nxb5 Kf8 41. Kg2 Ke7 42. Kf3 f5 43. Nd6 Ke6 44. Kf4 Bc7 45. e4 fxe4 46. Kxe4 Bxd6 47. cxd6 Nd5 48. d7 Nf6+ 0-1

[Event "Campo Grande Caissa 2nd"]
[Site "Campo Grande"]
[Date "2016.05.14"]
[Round "7"]
[White "Villasanti, Sebastian"]
[Black "Figari, Esteban"]
[Result "1-0"]
[WhiteElo "1647"]
[BlackElo "2010"]
[PlyCount "185"]
[EventDate "2016.05.12"]
[EventType "tourn"]
[EventRounds "9"]
[EventCountry "BRA"]
[SourceTitle "EXT 2018"]
[Source "ChessBase"]
[SourceDate "2017.10.13"]
[SourceVersion "1"]
[SourceVersionDate "2017.10.13"]
[SourceQuality "1"]

1. e4 e5 2. Bc4 Bc5 3. Nf3 Qe7 4. c3 Bb6 5. 0-0 Nf6 6. d3 h6 7. Nbd2 d6 8. h3 Nbd7 9. Re1 Nf8 10. Bb3 a6 11. Nf1 Be6 12. Bxe6 Nxe6 13. Be3 Bxe3 14. fxe3 g6 15. Qe2 0-0-0 16. a4 h5 17. N1h2 g5 18. g3 Rdg8 19. Nd2 Ng7 20. Rf1 Nh7 21. Rf2 f6 22. Raf1 Rf8 23. b4 Rf7 24. Kg2 Nf8 25. Nhf3 Nfe6 26. d4 g4 27. Nh4 gxh3+ 28. Kh2 Nf8 29. Ndf3 Ne8 30. Ng5 Rg7 31. Nf5 Qd7 32. Nxg7 Qxg7 33. Nxh3 Rg8 34. Rg1 Qg4 35. Qf3 Nh7 36. Qf5+ Qxf5 37. Rxf5 Ng7 38. Rf2 Ne6 39. Rf5 Ng7 40. Rf2 Kd7 41. g4 h4 42. g5 Ne8 43. gxf6 Rxg1 44. Kxg1 Nexf6 45. Kg2 Ke7 46. Kf3 d5 47. exd5 e4+ 48. Ke2 Nxd5 49. Kd2 c6 50. Nf4 Ng5 51. Ng6+ Ke6 52. Nxh4 Nb6 53. Rf5 Nf7 54. a5 Nc4+ 55. Ke2 Nfd6 56. Rc5 Nb2 57. Ng6 Na4 58. Nf4+ Kd7 59. Rg5 Nxc3+ 60. Kd2 Nb1+ 61. Kc2 Na3+ 62. Kd2 Ndc4+ 63. Ke2 Nc2 64. Rg7+ Kc8 65. Ng2 Nxb4 66. Re7 Nd5 67. Rh7 Nxa5 68. Nf4 Nc3+ 69. Kd2 Nb1+ 70. Kc2 Na3+ 71. Kd2 N5c4+ 72. Ke2 a5 73. Ne6 Nd6 74. Nc5 b6 75. Rh6 Nac4 76. Nxe4 Nxe4 77. Rxc6+ Kb7 78. Rxc4 b5 79. Rc1 b4 80. Kd3 Nd6 81. e4 Kb6 82. e5 Nf5 83. Ke4 Ng3+ 84. Kd5 Ne2 85. Re1 Nc3+ 86. Kd6 b3 87. e6 Nb5+ 88. Kd7 a4 89. e7 Nc7 90. d5 a3 91. d6 Nd5 92. Kd8 Nf6 93. Rb1 1-0

[Event "Curitiba op"]
[Site "Curitiba"]
[Date "2016.04.21"]
[Round "1"]
[White "Villasanti, Sebastian"]
[Black "Villalba, Marcelo"]
[Result "1/2-1/2"]
[WhiteElo "1647"]
[BlackElo "2265"]
[PlyCount "43"]
[EventDate "2016.04.21"]
[EventType "swiss"]
[EventRounds "7"]
[EventCountry "BRA"]
[SourceTitle "CBM 172 Extra"]
[Source "ChessBase"]
[SourceDate "2016.06.21"]
[SourceVersion "1"]
[SourceVersionDate "2016.06.21"]
[SourceQuality "1"]

1. g3 d5 2. Bg2 Nf6 3. c4 dxc4 4. Qa4+ Nbd7 5. Nc3 a6 6. Qxc4 b5 7. Qh4 Rb8 8. d4 Bb7 9. Nf3 e6 10. 0-0 c5 11. dxc5 Bxc5 12. Bf4 Rc8 13. Rfc1 Qb6 14. Nd1 0-0 15. Be3 Bxe3 16. Nxe3 Rxc1+ 17. Rxc1 Rc8 18. Rxc8+ Bxc8 19. Qd4 Bb7 20. Qxb6 Nxb6 21. Nd2 Bxg2 22. Kxg2 1/2-1/2

[Event "Ciudad del Este op 2nd"]
[Site "Ciudad del Este"]
[Date "2015.11.06"]
[Round "2.6"]
[White "Orrego, Julio"]
[Black "Villasanti, Sebastian"]
[Result "0-1"]
[WhiteElo "1778"]
[BlackElo "1672"]
[PlyCount "116"]
[EventDate "2015.11.06"]
[EventType "swiss"]
[EventRounds "6"]
[EventCountry "PAR"]
[SourceTitle "EXT 2023"]
[Source "ChessBase"]
[SourceDate "2022.10.05"]
[SourceVersion "1"]
[SourceVersionDate "2022.10.05"]
[SourceQuality "1"]

1. e4 e5 2. Nf3 Nf6 3. d3 d6 4. g3 Be7 5. Bg2 0-0 6. 0-0 Bg4 7. Be3 c6 8. Qc1 Qc7 9. Nc3 Nbd7 10. Ne1 d5 11. d4 dxe4 12. Nxe4 Be2 13. Ng5 Bxf1 14. Bxf1 Nd5 15. Bd2 exd4 16. Bd3 Bxg5 17. Bxg5 Ne5 18. Be4 Ne7 19. Qd1 f6 20. Bf4 Rad8 21. Nd3 N7g6 22. Qh5 Qf7 23. Bxe5 fxe5 24. f4 Rde8 25. f5 Nh8 26. Qh3 Qf6 27. Rf1 Nf7 28. Nc5 Ng5 29. Qh5 Nxe4 30. Nxe4 Qh6 31. Qxh6 gxh6 32. Kg2 b6 33. Rf3 c5 34. g4 c4 35. Kg3 Rd8 36. h4 d3 37. cxd3 Rxd3 38. Nc3 Rxf3+ 39. Kxf3 h5 40. Ke4 hxg4 41. Kxe5 g3 42. Kf4 g2 43. Ne2 Re8 44. Ng1 Re1 45. Nh3 g1Q 46. Nxg1 Rxg1 47. b3 cxb3 48. axb3 Rb1 49. Kg5 Rxb3 50. h5 a5 51. f6 a4 52. Kh6 a3 53. f7+ Kxf7 54. Kxh7 a2 55. h6 a1R 56. Kh8 Ra8+ 57. Kh7 Ke6 58. Kg7 Ra7+ 0-1

[Event "Ciudad del Este op 2nd"]
[Site "Ciudad del Este"]
[Date "2015.11.06"]
[Round "4.5"]
[White "Villasanti, Sebastian"]
[Black "Sanabria, Mauricio"]
[Result "0-1"]
[WhiteElo "1672"]
[BlackElo "1474"]
[PlyCount "54"]
[EventDate "2015.11.06"]
[EventType "swiss"]
[EventRounds "6"]
[EventCountry "PAR"]
[SourceTitle "EXT 2023"]
[Source "ChessBase"]
[SourceDate "2022.10.05"]
[SourceVersion "1"]
[SourceVersionDate "2022.10.05"]
[SourceQuality "1"]

1. c4 f5 2. Nc3 Nf6 3. g3 g6 4. Bg2 Bg7 5. Nf3 d6 6. 0-0 0-0 7. d3 e5 8. Nd2 Nc6 9. Rb1 a5 10. a3 f4 11. b4 axb4 12. axb4 Ne7 13. Qb3 c6 14. b5 fxg3 15. hxg3 Nf5 16. bxc6 bxc6 17. Bxc6 Nd4 18. Qb6 Nxc6 19. Qxc6 Bh3 20. Re1 Qa5 21. Bb2 Ra6 22. Qh1 Be6 23. Nde4 Rb8 24. Nxf6+ Bxf6 25. Ba1 Rxb1 26. Rxb1 Qxa1 27. Rxa1 Rxa1+ 0-1

[Event "Cuiaba Contaud op"]
[Site "Cuiaba"]
[Date "2015.08.02"]
[Round "6"]
[White "Villasanti, Sebastian"]
[Black "Ramirez Brizuela, Juan Bartolome"]
[Result "1/2-1/2"]
[WhiteElo "1628"]
[BlackElo "1473"]
[PlyCount "37"]
[EventDate "2015.07.31"]
[EventType "swiss"]
[EventRounds "6"]
[EventCountry "BRA"]
[SourceTitle "EXT 2016"]
[Source "ChessBase"]
[SourceDate "2015.10.08"]
[SourceVersion "1"]
[SourceVersionDate "2015.10.08"]
[SourceQuality "1"]

1. d4 d5 2. c4 c6 3. Nc3 e6 4. Nf3 Nf6 5. Bg5 Be7 6. e3 0-0 7. cxd5 exd5 8. Bd3 Bg4 9. 0-0 Nbd7 10. h3 Bh5 11. Rc1 Rc8 12. Be2 Bg6 13. Nh2 Ne4 14. Bxe7 Qxe7 15. Nxe4 Bxe4 16. Bf3 Nf6 17. Ng4 Bxf3 18. Qxf3 Nxg4 19. Qxg4 1/2-1/2

[Event "Cuiaba Contaud op"]
[Site "Cuiaba"]
[Date "2015.08.01"]
[Round "3"]
[White "Souza, Antonio Inacio De"]
[Black "Villasanti, Sebastian"]
[Result "0-1"]
[WhiteElo "1872"]
[BlackElo "1628"]
[PlyCount "46"]
[EventDate "2015.07.31"]
[EventType "swiss"]
[EventRounds "6"]
[EventCountry "BRA"]
[SourceTitle "EXT 2016"]
[Source "ChessBase"]
[SourceDate "2015.10.08"]
[SourceVersion "1"]
[SourceVersionDate "2015.10.08"]
[SourceQuality "1"]

1. d4 e6 2. c4 d5 3. Nc3 Nf6 4. cxd5 exd5 5. Bg5 Nbd7 6. e3 c6 7. Bd3 Be7 8. Qc2 g6 9. Nge2 Nh5 10. Bxe7 Qxe7 11. 0-0-0 Ng7 12. Kb1 Nf6 13. Rde1 Bf5 14. Ng3 Bxd3 15. Qxd3 0-0-0 16. f3 Rhe8 17. Re2 Ngh5 18. Nxh5 Nxh5 19. Rc1 Kb8 20. Na4 Nf4 21. Qb3 Nxe2 22. Rxc6 Qxe3 23. Qb5 Qg1+ 0-1

[Event "Foz do Iguacu op 5th"]
[Site "Foz do Iguacu"]
[Date "2015.06.07"]
[Round "5"]
[White "Villasanti, Sebastian"]
[Black "Almeida, Carlos Bruno Gomes"]
[Result "1-0"]
[WhiteElo "1628"]
[BlackElo "1877"]
[PlyCount "81"]
[EventDate "2015.06.05"]
[EventType "swiss"]
[EventRounds "6"]
[EventCountry "BRA"]
[SourceTitle "CBM 166 Extra"]
[Source "ChessBase"]
[SourceDate "2015.06.18"]
[SourceVersion "1"]
[SourceVersionDate "2015.06.18"]
[SourceQuality "1"]

1. e4 d5 2. exd5 Qxd5 3. Nc3 Qd6 4. d4 c6 5. Bc4 Nf6 6. Nge2 Bf5 7. Bf4 Qd8 8. Qd2 e6 9. 0-0-0 Be7 10. h3 0-0 11. f3 Nbd7 12. g4 Bg6 13. h4 h5 14. Rdg1 b5 15. Bb3 a5 16. a4 b4 17. Nd1 c5 18. gxh5 Nxh5 19. Rxg6 fxg6 20. Bxe6+ Kh7 21. d5 Nb6 22. Bg5 Rxf3 23. Bxe7 Qxe7 24. Bg4 Nc4 25. Qe1 Re3 26. Nxe3 Qxe3+ 27. Kb1 Nd2+ 28. Ka1 b3 29. Rh3 Qe8 30. cxb3 Ne4 31. Bxh5 gxh5 32. Re3 Qg6 33. Nf4 Qf5 34. Rxe4 Rb8 35. Ka2 Rd8 36. Qb1 g6 37. Re7+ Kh6 38. Qxf5 gxf5 39. Re6+ Kh7 40. Nxh5 Kg8 41. Nf4 1-0

[Event "Foz do Iguacu op 5th"]
[Site "Foz do Iguacu"]
[Date "2015.06.07"]
[Round "6"]
[White "Villasanti, Sebastian"]
[Black "De Andrade, Osvaldo Cezar G"]
[Result "0-1"]
[WhiteElo "1628"]
[BlackElo "2083"]
[PlyCount "44"]
[EventDate "2015.06.05"]
[EventType "swiss"]
[EventRounds "6"]
[EventCountry "BRA"]
[SourceTitle "CBM 166 Extra"]
[Source "ChessBase"]
[SourceDate "2015.06.18"]
[SourceVersion "1"]
[SourceVersionDate "2015.06.18"]
[SourceQuality "1"]

1. d4 Nf6 2. c4 g6 3. Nc3 Bg7 4. e4 d6 5. f3 c6 6. Be3 Nbd7 7. Qd2 0-0 8. Bh6 e5 9. Bxg7 Kxg7 10. Nge2 a5 11. g4 exd4 12. Qxd4 Ne5 13. Ng1 c5 14. Qd2 Be6 15. Nd5 Nxd5 16. cxd5 Qh4+ 17. Qf2 Qxf2+ 18. Kxf2 Bd7 19. Nh3 b5 20. Ke3 h5 21. Rg1 hxg4 22. fxg4 Nxg4+ 0-1

[Event "Foz do Iguacu op 5th"]
[Site "Foz do Iguacu"]
[Date "2015.06.06"]
[Round "4"]
[White "Lukachewski Junior, Wanderlei"]
[Black "Villasanti, Sebastian"]
[Result "1-0"]
[WhiteElo "2005"]
[BlackElo "1628"]
[PlyCount "45"]
[EventDate "2015.06.05"]
[EventType "swiss"]
[EventRounds "6"]
[EventCountry "BRA"]
[SourceTitle "CBM 166 Extra"]
[Source "ChessBase"]
[SourceDate "2015.06.18"]
[SourceVersion "1"]
[SourceVersionDate "2015.06.18"]
[SourceQuality "1"]

1. d4 Nf6 2. c4 g6 3. Nf3 Bg7 4. g3 0-0 5. Nc3 d5 6. cxd5 Nxd5 7. Bg2 Nxc3 8. bxc3 Nd7 9. 0-0 c6 10. Ba3 Re8 11. Nd2 Nf6 12. Nc4 Nd5 13. Qd3 Nxc3 14. Qxc3 Bxd4 15. Qc1 Bxa1 16. Qxa1 Be6 17. Qc3 Qc7 18. Bb2 f6 19. e4 Rad8 20. e5 Bxc4 21. Qxc4+ Kg7 22. Qf4 Kf7 23. e6+ 1-0

[Event "Foz do Iguacu op 5th"]
[Site "Foz do Iguacu"]
[Date "2015.06.05"]
[Round "2"]
[White "Aragao, Gabrielle Stevane"]
[Black "Villasanti, Sebastian"]
[Result "0-1"]
[WhiteElo "1741"]
[BlackElo "1628"]
[PlyCount "78"]
[EventDate "2015.06.05"]
[EventType "swiss"]
[EventRounds "6"]
[EventCountry "BRA"]
[SourceTitle "CBM 166 Extra"]
[Source "ChessBase"]
[SourceDate "2015.06.18"]
[SourceVersion "1"]
[SourceVersionDate "2015.06.18"]
[SourceQuality "1"]

1. e4 e6 2. Nf3 d5 3. Bd3 Nf6 4. e5 Nfd7 5. 0-0 c5 6. b3 Nc6 7. Bb2 Be7 8. Nc3 Ncxe5 9. Nxe5 Nxe5 10. Nb5 Nxd3 11. cxd3 0-0 12. Qg4 g6 13. Qh3 Re8 14. Qh6 Bf8 15. Qf4 Bg7 16. Bxg7 Kxg7 17. Nd6 Re7 18. Rae1 e5 19. Rxe5 Qxd6 20. Rfe1 Rxe5 21. Rxe5 f6 22. Qe3 Qxe5 23. Qxe5 fxe5 24. g3 a5 25. Kg2 a4 26. Kf3 axb3 27. axb3 Ra3 28. Ke3 Rxb3 29. f4 exf4+ 30. gxf4 Bf5 31. h4 b5 32. h5 b4 33. hxg6 hxg6 34. Ke2 Rxd3 35. Ke1 b3 36. Kf2 b2 37. Kg2 b1Q 38. Kf2 Rxd2+ 39. Ke3 Qd3# 0-1